[Event "2024 National Middle School Championship"]
[Site "Atlanta, Georgia, United States"]
[Date "2024.05.10"]
[Round "1.1"]
[White "Liu, Eric Chang"]
[Black "Baim, Emin"]
[Result "1-0"]
[TimeControl "G/90;d10"]
[WhiteElo "2468"]
[BlackElo "1771"]

1. e4 {[%clk 01:30:00]} {[%emt 00:00:02]} e5 {[%clk 01:30:00]} {[%emt
00:00:08]} 2. Nf3 {[%clk 01:30:00]} {[%emt 00:00:05]} Nc6 {[%clk 01:29:59]}
{[%emt 00:00:11]} 3. Bc4 {[%clk 01:30:00]} {[%emt 00:00:06]} Bc5 {[%clk
01:29:52]} {[%emt 00:00:16]} 4. c3 {[%clk 01:30:00]} {[%emt 00:00:07]} Nf6
{[%clk 01:29:51]} {[%emt 00:00:11]} 5. d3 {[%clk 01:30:00]} {[%emt 00:00:04]}
h6 {[%clk 01:28:50]} {[%emt 00:01:12]} 6. O-O {[%clk 01:29:50]} {[%emt
00:00:20]} O-O {[%clk 01:28:31]} {[%emt 00:00:28]} 7. Re1 {[%clk 01:28:39]}
{[%emt 00:01:22]} d6 {[%clk 01:28:15]} {[%emt 00:00:25]} 8. h3 {[%clk
01:28:27]} {[%emt 00:00:22]} Bb6 {[%clk 01:16:40]} {[%emt 00:11:46]} 9. Nbd2
{[%clk 01:28:13]} {[%emt 00:00:24]} Re8 {[%clk 01:16:22]} {[%emt 00:00:28]} 10.
Bb3 {[%clk 01:25:07]} {[%emt 00:03:16]} Be6 {[%clk 01:14:14]} {[%emt 00:02:16]}
11. Ba4 {[%clk 01:15:56]} {[%emt 00:09:23]} Bd7 {[%clk 01:09:43]} {[%emt
00:04:40]} 12. Nf1 {[%clk 01:10:09]} {[%emt 00:05:57]} Ne7 {[%clk 01:04:29]}
{[%emt 00:05:24]} 13. Bc2 {[%clk 00:58:43]} {[%emt 00:11:36]} Ng6 {[%clk
01:02:42]} {[%emt 00:01:56]} 14. d4 {[%clk 00:57:36]} {[%emt 00:01:19]} c6
{[%clk 00:55:37]} {[%emt 00:07:15]} 15. Ng3 {[%clk 00:57:32]} {[%emt 00:00:14]}
Qc7 {[%clk 00:55:01]} {[%emt 00:00:45]} 16. Be3 {[%clk 00:55:16]} {[%emt
00:02:27]} Rad8 {[%clk 00:48:39]} {[%emt 00:06:31]} 17. Qd2 {[%clk 00:47:51]}
{[%emt 00:07:36]} c5 {[%emt 00:09:07]} 18. Bxh6 cxd4 19. Nf5 dxc3 20. bxc3 Bxf5
21. exf5 Nf4 22. Bxf4 exf4 23. Qxf4 Qxc3 24. Qd2 Qc5 25. Rxe8+ Rxe8 26. Ng5 d5
27. Rf1 Ne4 28. Nxe4 dxe4 {[%clk 00:39:42]} 29. f6 e3 {[%clk 00:39:42]} 30. Qd3
exf2+ {[%clk 00:39:42]} 31. Kh1 g6 {[%clk 00:39:42]} 32. Bb3 Qf5 {[%clk
00:39:42]} 33. Qxf5 gxf5 {[%clk 00:39:42]} 34. g3 Kh7 {[%clk 00:39:42]} 35.
Bxf7 Rf8 {[%clk 00:39:42]} 36. Bd5 Rxf6 {[%clk 00:39:42]} 37. Bxb7 Rd6 {[%clk
00:39:42]} 38. Kg2 Rd2 {[%clk 00:39:42]} 39. a4 Rd7 {[%clk 00:39:42]} 40. Bc8
Rf7 {[%clk 00:39:42]} 41. Be6 Rf6 {[%clk 00:39:42]} 42. Bd5 f4 {[%clk
00:39:42]} 43. g4 Rd6 {[%clk 00:39:42]} 44. Be4+ Kg7 {[%clk 00:39:42]} 45. Kf3
Be3 {[%clk 00:39:42]} 46. g5 Rd4 {[%clk 00:39:42]} 47. h4 Rxa4 {[%clk
00:39:42]} 48. h5 Rb4 {[%clk 00:39:42]} 49. h6+ Kh8 {[%clk 00:39:42]} 50. g6
Rb8 {[%clk 00:39:42]} 51. Rb1 Re8 {[%clk 00:39:42]} 52. Bd5 1-0

[Event "2024 National Middle School Championship"]
[Site "Atlanta, Georgia, United States"]
[Date "2024.05.10"]
[Round "1.2"]
[White "Quirk, Hunter Choi"]
[Black "Wang, Isaac"]
[Result "0-1"]
[TimeControl "G/90;d10"]
[WhiteElo "1758"]
[BlackElo "2326"]

1. e4 {[%clk 01:30:00]} {[%emt 00:00:01]} c5 {[%clk 01:30:00]} {[%emt
00:00:06]} 2. c3 {[%clk 01:29:44]} {[%emt 00:00:26]} d5 {[%clk 01:29:06]}
{[%emt 00:01:04]} 3. exd5 {[%clk 01:29:05]} {[%emt 00:00:50]} Qxd5 {[%clk
01:28:07]} {[%emt 00:01:09]} 4. d4 {[%clk 01:28:50]} {[%emt 00:00:25]} Nf6
{[%clk 01:28:00]} {[%emt 00:00:18]} 5. Nf3 {[%clk 01:25:31]} {[%emt 00:03:29]}
g6 {[%clk 01:26:56]} {[%emt 00:01:13]} 6. Be3 {[%clk 01:20:11]} {[%emt
00:05:30]} cxd4 {[%clk 01:23:21]} {[%emt 00:03:46]} 7. cxd4 {[%clk 01:18:57]}
{[%emt 00:01:24]} Bg7 {[%clk 01:23:19]} {[%emt 00:00:12]} 8. Nc3 {[%clk
01:18:21]} {[%emt 00:00:45]} Qd8 {[%clk 01:22:36]} {[%emt 00:00:52]} 9. Rc1
{[%clk 01:15:59]} {[%emt 00:02:33]} O-O {[%clk 01:22:16]} {[%emt 00:00:30]} 10.
Bc4 {[%clk 01:07:59]} {[%emt 00:08:10]} a6 {[%clk 01:20:16]} {[%emt 00:02:11]}
11. O-O {[%clk 01:06:21]} {[%emt 00:01:47]} b5 {[%clk 01:20:14]} {[%emt
00:00:13]} 12. Bb3 {[%clk 01:04:30]} {[%emt 00:02:01]} Bb7 {[%clk 01:19:53]}
{[%emt 00:00:31]} 13. Qe2 {[%emt 00:02:47]} Nc6 {[%clk 01:19:24]} {[%emt
00:00:37]} 14. Rfd1 {[%clk 00:59:56]} {[%emt 00:02:09]} Na5 {[%clk 01:18:55]}
{[%emt 00:00:39]} 15. Bc2 {[%clk 00:57:50]} {[%emt 00:02:15]} Nc4 {[%clk
01:18:01]} {[%emt 00:01:05]} 16. b3 {[%clk 00:55:06]} {[%emt 00:02:55]} Nxe3
{[%clk 01:16:43]} {[%emt 00:01:28]} 17. fxe3 {[%clk 00:48:28]} {[%emt
00:06:48]} Rc8 {[%clk 01:16:18]} {[%emt 00:00:34]} 18. Bb1 {[%clk 00:40:06]}
{[%emt 00:08:32]} Qa5 {[%clk 01:12:19]} {[%emt 00:04:09]} 19. Qe1 {[%clk
00:36:21]} {[%emt 00:03:55]} Bh6 {[%clk 01:07:32]} {[%emt 00:04:58]} 20. Ne5
{[%clk 00:23:11]} {[%emt 00:13:19]} Rc7 {[%clk 01:01:56]} {[%emt 00:05:46]} 21.
Kf2 {[%clk 00:16:05]} {[%emt 00:07:16]} b4 {[%clk 00:50:31]} {[%emt 00:11:35]}
22. Na4 {[%clk 00:13:06]} {[%emt 00:03:09]} Rxc1 {[%clk 00:49:26]} 23. Rxc1
{[%clk 00:12:37]} {[%emt 00:01:54]} Qd5 {[%clk 00:49:14]} {[%emt 00:00:22]} 24.
Qg1 {[%clk 00:05:04]} {[%emt 00:07:42]} Rd8 {[%clk 00:48:12]} {[%emt 00:01:13]}
25. Rc5 {[%clk 00:04:08]} {[%emt 00:01:06]} Bxe3+ {[%clk 00:47:44]} {[%emt
00:00:39]} 26. Kf1 {[%clk 00:03:43]} {[%emt 00:00:34]} Qxd4 {[%clk 00:47:01]}
{[%emt 00:00:53]} 27. Qh1 {[%clk 00:02:59]} {[%emt 00:00:54]} Qd1# {[%clk
00:47:01]} {[%emt 00:00:07]} 0-1

[Event "2024 National Middle School Championship"]
[Site "Atlanta, Georgia, United States"]
[Date "2024.05.10"]
[Round "1.3"]
[White "Jiang, Andrew"]
[Black "Grennan, Rhyan"]
[Result "1/2-1/2"]
[TimeControl "G/90;d10"]
[WhiteElo "2294"]
[BlackElo "1756"]

1. d4 {[%clk 01:30:00]} {[%emt 00:00:03]} Nf6 {[%clk 01:30:00]} {[%emt
00:00:04]} 2. Nc3 {[%clk 01:30:00]} {[%emt 00:00:10]} d5 {[%clk 01:30:00]}
{[%emt 00:00:05]} 3. Bf4 {[%clk 01:30:00]} {[%emt 00:00:09]} c6 {[%clk
01:29:57]} {[%emt 00:00:14]} 4. e3 {[%clk 01:29:57]} {[%emt 00:00:11]} Bf5
{[%clk 01:29:56]} {[%emt 00:00:11]} 5. Nf3 {[%clk 01:29:54]} {[%emt 00:00:13]}
e6 {[%clk 01:29:56]} {[%emt 00:00:11]} 6. Ne5 {[%clk 01:28:53]} {[%emt
00:01:10]} Bb4 {[%clk 01:29:35]} {[%emt 00:00:32]} 7. g4 {[%clk 01:25:34]}
{[%emt 00:03:29]} Bg6 {[%clk 01:29:00]} {[%emt 00:00:44]} 8. f3 {[%clk
01:24:30]} {[%emt 00:01:13]} Qa5 {[%clk 01:24:26]} {[%emt 00:04:46]} 9. Qd2
{[%clk 01:23:52]} {[%emt 00:00:47]} Nfd7 {[%clk 01:23:59]} {[%emt 00:00:38]} 10.
Nxg6 {[%clk 01:08:58]} {[%emt 00:15:03]} hxg6 {[%clk 01:22:20]} {[%emt
00:01:50]} 11. a3 {[%clk 01:08:58]} {[%emt 00:00:06]} c5 {[%clk 01:20:29]}
{[%emt 00:02:02]} 12. Ra2 {[%clk 00:59:07]} {[%emt 00:10:01]} Bxc3 {[%clk
01:20:01]} {[%emt 00:00:38]} 13. bxc3 {[%clk 00:54:58]} {[%emt 00:04:18]} Nc6
{[%clk 01:18:10]} {[%emt 00:02:02]} 14. a4 {[%clk 00:41:02]} {[%emt 00:14:07]}
a6 {[%clk 01:16:21]} {[%emt 00:01:58]} 15. Bg2 {[%clk 00:39:29]} {[%emt
00:01:43]} Nb6 {[%clk 01:14:57]} {[%emt 00:01:34]} 16. Bf1 {[%clk 00:24:30]}
{[%emt 00:15:09]} c4 {[%clk 01:10:57]} {[%emt 00:04:10]} 17. Bc7 {[%clk
00:22:22]} {[%emt 00:02:18]} Rc8 {[%clk 01:10:04]} {[%emt 00:01:03]} 18. Bxb6
{[%clk 00:22:22]} {[%emt 00:00:03]} Qxb6 {[%clk 01:09:38]} {[%emt 00:00:36]} 19.
Qc1 {[%clk 00:21:45]} {[%emt 00:00:48]} Qa5 {[%clk 01:08:12]} {[%emt 00:01:36]}
20. Qb2 {[%clk 00:21:21]} {[%emt 00:00:34]} e5 {[%clk 01:07:05]} {[%emt
00:01:17]} 21. dxe5 {[%clk 00:20:36]} {[%emt 00:00:54]} 1/2-1/2

[Event "2024 National Middle School Championship"]
[Site "Atlanta, Georgia, United States"]
[Date "2024.05.10"]
[Round "1.4"]
[White "Lavanur, Mahendra"]
[Black "Harish, Neeraj"]
[Result "1/2-1/2"]
[TimeControl "G/90;d10"]
[WhiteElo "1752"]
[BlackElo "2294"]

1. e4 {[%clk 01:30:00]} {[%emt 00:00:04]} c5 {[%clk 01:30:00]} {[%emt
00:00:07]} 2. Nf3 {[%clk 01:30:00]} {[%emt 00:00:07]} Nc6 {[%clk 01:30:00]}
{[%emt 00:00:05]} 3. d4 {[%clk 01:29:53]} {[%emt 00:00:18]} cxd4 {[%clk
01:30:00]} {[%emt 00:00:06]} 4. Nxd4 {[%clk 01:29:53]} {[%emt 00:00:02]} Nf6
{[%clk 01:30:00]} {[%emt 00:00:08]} 5. Nc3 {[%clk 01:29:53]} {[%emt 00:00:08]}
e5 {[%clk 01:30:00]} {[%emt 00:00:08]} 6. Ndb5 {[%clk 01:26:47]} {[%emt
00:03:15]} d6 {[%clk 01:30:00]} {[%emt 00:00:09]} 7. a4 {[%clk 01:25:13]}
{[%emt 00:01:45]} Bg4 {[%clk 01:29:17]} {[%emt 00:00:53]} 8. f3 {[%clk
01:23:24]} {[%emt 00:01:58]} Be6 {[%clk 01:29:17]} {[%emt 00:00:10]} 9. Nd5
{[%clk 01:22:12]} {[%emt 00:01:22]} Bxd5 {[%clk 01:25:40]} {[%emt 00:03:47]} 10.
exd5 {[%clk 01:22:09]} {[%emt 00:00:14]} Nb8 {[%clk 01:25:40]} {[%emt
00:00:04]} 11. Be3 {[%clk 01:19:32]} {[%emt 00:02:47]} Nbd7 {[%clk 01:25:11]}
{[%emt 00:00:39]} 12. Bc4 {[%clk 01:16:58]} {[%emt 00:02:44]} Be7 {[%clk
01:23:12]} {[%emt 00:02:09]} 13. O-O {[%clk 01:15:29]} {[%emt 00:01:38]} a6
{[%clk 01:22:01]} {[%emt 00:01:22]} 14. Nc3 {[%clk 01:14:55]} {[%emt 00:00:44]}
O-O {[%clk 01:18:42]} {[%emt 00:03:28]} 15. Qd2 {[%clk 01:08:47]} {[%emt
00:06:17]} Nh5 {[%clk 01:07:42]} {[%emt 00:11:11]} 16. g4 {[%clk 01:01:48]}
{[%emt 00:07:09]} Nf4 {[%clk 01:07:26]} {[%emt 00:00:26]} 17. Bxf4 {[%clk
00:59:05]} {[%emt 00:02:53]} exf4 {[%clk 01:07:26]} {[%emt 00:00:08]} 18. Kh1
{[%clk 00:47:47]} {[%emt 00:11:28]} Ne5 {[%clk 01:02:09]} {[%emt 00:05:28]} 19.
Bd3 {[%clk 00:44:22]} {[%emt 00:03:34]} g6 {[%clk 00:51:14]} {[%emt 00:11:04]}
20. Qxf4 {[%clk 00:41:44]} {[%emt 00:02:48]} f5 {[%clk 00:51:01]} {[%emt
00:00:23]} 21. Qg3 {[%clk 00:38:58]} {[%emt 00:02:57]} Nxd3 {[%clk 00:48:08]}
{[%emt 00:03:04]} 22. cxd3 {[%clk 00:37:51]} {[%emt 00:01:17]} Qb6 {[%clk
00:47:51]} {[%emt 00:00:26]} 23. Rab1 {[%clk 00:33:27]} {[%emt 00:04:34]} Qd4
{[%clk 00:47:04]} {[%emt 00:00:58]} 24. f4 {[%clk 00:32:58]} {[%emt 00:00:40]}
fxg4 {[%emt 00:03:23]} 25. Qxg4 {[%clk 00:32:29]} {[%emt 00:00:36]} Rf5 {[%clk
00:43:40]} {[%emt 00:00:24]} 26. Rbe1 {[%clk 00:31:14]} {[%emt 00:01:25]} Bf6
{[%clk 00:43:17]} {[%emt 00:00:33]} 27. Qf3 {[%clk 00:29:21]} {[%emt 00:02:03]}
Rf8 {[%clk 00:41:44]} {[%emt 00:01:42]} 28. Qe4 {[%clk 00:28:28]} {[%emt
00:01:04]} Qxe4+ {[%emt 00:06:39]} 29. dxe4 {[%clk 00:26:27]} {[%emt 00:00:42]}
Bxc3 {[%clk 00:36:43]} {[%emt 00:00:05]} 30. bxc3 {[%clk 00:23:16]} {[%emt
00:03:21]} Rxf4 {[%clk 00:36:43]} {[%emt 00:00:06]} 31. Rxf4 {[%clk 00:22:56]}
{[%emt 00:00:30]} Rxf4 {[%clk 00:36:43]} {[%emt 00:00:04]} 32. Kg2 {[%clk
00:22:54]} {[%emt 00:00:12]} Kf7 {[%clk 00:25:06]} {[%emt 00:11:48]} 33. Rb1
{[%clk 00:17:18]} {[%emt 00:05:46]} Rxe4 {[%clk 00:25:06]} {[%emt 00:00:07]} 34.
Rxb7+ {[%clk 00:17:18]} {[%emt 00:00:09]} Kf6 {[%clk 00:24:48]} {[%emt
00:00:28]} 35. Rb6 {[%clk 00:13:16]} {[%emt 00:04:12]} Ke5 {[%clk 00:24:42]}
{[%emt 00:00:16]} 36. Rxa6 {[%clk 00:12:58]} {[%emt 00:00:28]} Kxd5 {[%clk
00:24:42]} {[%emt 00:00:06]} 37. a5 {[%clk 00:11:52]} {[%emt 00:01:16]} Re2+
{[%clk 00:23:47]} {[%emt 00:01:04]} 38. Kg1 {[%clk 00:11:35]} {[%emt 00:00:27]}
Re7 {[%clk 00:20:04]} {[%emt 00:03:53]} 39. Ra8 {[%clk 00:10:35]} {[%emt
00:01:10]} Rc7 {[%clk 00:19:32]} {[%emt 00:00:42]} 40. a6 {[%clk 00:09:43]}
{[%emt 00:01:02]} Rxc3 {[%clk 00:19:32]} {[%emt 00:00:09]} 41. Ra7 {[%clk
00:09:31]} {[%emt 00:00:23]} Ra3 {[%clk 00:13:58]} {[%emt 00:05:44]} 42. Rxh7
{[%clk 00:09:11]} {[%emt 00:00:30]} Rxa6 {[%clk 00:13:58]} {[%emt 00:00:05]} 43.
Rg7 {[%clk 00:09:11]} {[%emt 00:00:06]} Ra2 {[%clk 00:13:58]} {[%emt 00:00:08]}
44. Rxg6 {[%clk 00:09:11]} {[%emt 00:00:02]} Ke5 {[%clk 00:13:58]} {[%emt
00:00:06]} 45. h4 {[%clk 00:08:51]} {[%emt 00:00:29]} d5 {[%clk 00:13:21]}
{[%emt 00:00:47]} 46. h5 {[%clk 00:08:39]} {[%emt 00:00:22]} Ra8 {[%clk
00:11:01]} {[%emt 00:02:30]} 47. Kf2 {[%clk 00:08:22]} {[%emt 00:00:28]} Rh8
{[%clk 00:11:01]} {[%emt 00:00:08]} 48. h6 {[%clk 00:07:56]} {[%emt 00:00:35]}
1/2-1/2

[Event "2024 National Middle School Championship"]
[Site "Atlanta, Georgia, United States"]
[Date "2024.05.10"]
[Round "1.5"]
[White "Guo, Ethan"]
[Black "Javeri, Riaan"]
[Result "1-0"]
[TimeControl "G/90;d10"]
[WhiteElo "2291"]
[BlackElo "1733"]

1. e4 {[%clk 01:30:00]} c6 {[%clk 01:30:00]} {[%emt 00:00:06]} 2. Nc3 {[%clk
01:30:00]} {[%emt 00:00:03]} d5 {[%clk 01:30:00]} {[%emt 00:00:05]} 3. Nf3
{[%clk 01:30:00]} {[%emt 00:00:04]} Bg4 {[%clk 01:30:00]} {[%emt 00:00:07]} 4.
h3 {[%clk 01:30:00]} {[%emt 00:00:04]} Bxf3 {[%clk 01:30:00]} {[%emt 00:00:05]}
5. Qxf3 {[%clk 01:30:00]} {[%emt 00:00:06]} e6 {[%clk 01:30:00]} {[%emt
00:00:03]} 6. Be2 {[%clk 01:30:00]} {[%emt 00:00:08]} Bc5 {[%clk 01:28:52]}
{[%emt 00:01:18]} 7. O-O {[%clk 01:30:00]} {[%emt 00:00:07]} Nd7 {[%clk
01:28:40]} {[%emt 00:00:23]} 8. exd5 {[%clk 01:30:00]} {[%emt 00:00:08]} cxd5
{[%clk 01:28:23]} {[%emt 00:00:27]} 9. Rd1 {[%clk 01:29:56]} {[%emt 00:00:14]}
Ngf6 {[%clk 01:25:18]} {[%emt 00:03:15]} 10. d4 {[%clk 01:29:56]} {[%emt
00:00:09]} Bd6 {[%clk 01:25:16]} {[%emt 00:00:12]} 11. Bd3 {[%clk 01:29:42]}
{[%emt 00:00:23]} a6 {[%clk 01:23:20]} {[%emt 00:02:05]} 12. Ne2 {[%clk
01:28:30]} {[%emt 00:01:23]} Rc8 {[%clk 01:20:49]} {[%emt 00:02:41]} 13. c3
{[%clk 01:27:04]} {[%emt 00:01:37]} O-O {[%clk 01:18:44]} {[%emt 00:02:14]} 14.
Nf4 {[%clk 01:26:03]} {[%emt 00:01:11]} Qc7 {[%clk 01:13:29]} {[%emt 00:05:25]}
15. g3 {[%clk 01:20:42]} {[%emt 00:05:30]} Rfe8 {[%clk 01:09:02]} {[%emt
00:04:37]} 16. Nh5 {[%clk 01:17:06]} {[%emt 00:03:46]} Nxh5 {[%clk 01:05:09]}
{[%emt 00:04:03]} 17. Qxh5 {[%clk 01:17:06]} {[%emt 00:00:09]} Nf6 {[%clk
01:05:07]} {[%emt 00:00:11]} 18. Qf3 {[%clk 01:17:06]} {[%emt 00:00:08]} h6
{[%clk 01:03:20]} {[%emt 00:01:58]} 19. Bxh6 {[%clk 01:16:02]} {[%emt
00:01:14]} Qd8 {[%clk 00:50:43]} {[%emt 00:12:48]} 20. Bg5 {[%clk 01:15:01]}
{[%emt 00:01:11]} Be7 {[%clk 00:50:33]} {[%emt 00:00:20]} 21. h4 {[%clk
01:14:58]} {[%emt 00:00:13]} Nd7 {[%clk 00:48:58]} {[%emt 00:01:45]} 22. Bf4
{[%clk 01:11:51]} {[%emt 00:03:16]} Nf6 {[%emt 00:01:30]} 23. Re1 {[%clk
01:09:30]} {[%emt 00:02:30]} Bd6 {[%clk 00:47:25]} {[%emt 00:00:25]} 24. Bg5
{[%clk 01:09:25]} {[%emt 00:00:14]} Be7 {[%clk 00:42:37]} {[%emt 00:04:57]} 25.
Kg2 {[%clk 01:09:25]} {[%emt 00:00:06]} Qb6 {[%clk 00:41:23]} {[%emt 00:01:24]}
26. Re2 {[%clk 01:09:16]} {[%emt 00:00:19]} Qd8 {[%clk 00:40:07]} {[%emt
00:01:26]} 27. Rae1 {[%clk 01:09:06]} {[%emt 00:00:20]} Rc6 {[%clk 00:39:35]}
{[%emt 00:00:42]} 28. Bb1 {[%clk 01:08:55]} {[%emt 00:00:21]} Qc7 {[%clk
00:37:29]} {[%emt 00:02:16]} 29. h5 {[%clk 01:08:44]} {[%emt 00:00:22]} Ne4
{[%clk 00:36:24]} {[%emt 00:01:15]} 30. Bxe7 {[%clk 01:08:14]} {[%emt
00:00:39]} Qxe7 {[%clk 00:36:21]} {[%emt 00:00:13]} 31. Bxe4 {[%clk 01:08:14]}
{[%emt 00:00:06]} dxe4 {[%clk 00:36:17]} {[%emt 00:00:14]} 32. Rxe4 {[%clk
01:08:14]} {[%emt 00:00:05]} Rb6 {[%clk 00:36:05]} {[%emt 00:00:23]} 33. R1e2
{[%clk 01:08:14]} {[%emt 00:00:08]} Rb5 {[%clk 00:35:21]} {[%emt 00:00:55]} 34.
Re5 {[%clk 01:08:14]} {[%emt 00:00:05]} Rxe5 {[%clk 00:35:00]} {[%emt
00:00:32]} 35. Rxe5 {[%clk 01:08:14]} {[%emt 00:00:06]} Rc8 {[%clk 00:34:36]}
{[%emt 00:00:33]} 36. Qe3 {[%clk 01:08:13]} {[%emt 00:00:12]} Qf6 {[%clk
00:34:18]} {[%emt 00:00:28]} 37. Qg5 {[%clk 01:08:12]} {[%emt 00:00:10]} Qxg5
{[%clk 00:33:54]} {[%emt 00:00:34]} 38. Rxg5 {[%clk 01:08:12]} {[%emt
00:00:05]} Kh7 {[%clk 00:33:54]} {[%emt 00:00:07]} 39. Rc5 {[%clk 01:08:12]}
{[%emt 00:00:05]} Rxc5 {[%clk 00:33:32]} {[%emt 00:00:33]} 40. dxc5 {[%clk
01:08:12]} {[%emt 00:00:05]} Kh6 {[%clk 00:33:32]} {[%emt 00:00:06]} 41. g4
{[%clk 01:08:12]} {[%emt 00:00:06]} Kg5 {[%clk 00:33:32]} {[%emt 00:00:02]} 42.
Kg3 {[%clk 01:08:12]} {[%emt 00:00:07]} e5 {[%clk 00:33:27]} {[%emt 00:00:15]}
43. b4 {[%clk 01:08:12]} {[%emt 00:00:08]} Kf6 {[%clk 00:33:27]} {[%emt
00:00:09]} 44. f4 {[%clk 01:08:12]} {[%emt 00:00:07]} Ke6 {[%clk 00:33:27]}
{[%emt 00:00:04]} 45. g5 {[%clk 01:08:12]} {[%emt 00:00:09]} exf4+ {[%clk
00:33:26]} {[%emt 00:00:11]} 46. Kxf4 {[%clk 01:08:12]} {[%emt 00:00:04]} Kd5
{[%clk 00:33:26]} {[%emt 00:00:03]} 47. h6 {[%clk 01:08:12]} {[%emt 00:00:04]}
gxh6 {[%clk 00:33:26]} {[%emt 00:00:04]} 48. gxh6 {[%clk 01:08:12]} {[%emt
00:00:05]} Kc4 {[%clk 00:33:26]} {[%emt 00:00:02]} 49. h7 {[%clk 01:08:12]}
{[%emt 00:00:06]} Kxc3 {[%clk 00:33:26]} {[%emt 00:00:05]} 50. h8=Q+ {[%clk
01:08:12]} {[%emt 00:00:06]} Kxb4 {[%clk 00:33:26]} {[%emt 00:00:08]} 51. Qd4+
{[%clk 01:08:12]} {[%emt 00:00:04]} Kb5 {[%clk 00:33:26]} {[%emt 00:00:06]} 52.
a4+ {[%clk 01:08:12]} {[%emt 00:00:06]} Kc6 {[%clk 00:33:26]} {[%emt 00:00:02]}
53. Qd6# {[%clk 01:08:12]} {[%emt 00:00:05]} 1-0